| 000 | 00594nam a2200193 u 4500 | ||
|---|---|---|---|
| 005 | 20220526063415.0 | ||
| 008 | 101004s2003 es r 000 0 spa d | ||
| 020 | _a842634867X | ||
| 035 | _aUPN01000177986 | ||
| 049 | _aI | ||
| 050 | 4 |
_aPZ24 _bB5.5 |
|
| 100 | 1 |
_aBichonnier, Henriette, _d1943- _930871 |
|
| 245 | 1 | 3 |
_aEl monstruo peludo / _cHenriette Bichonnier ; il. Pef ; tr. de Juan Ramón Azaola. |
| 260 |
_aZaragoza, Esp. : _bEdelvives, _c2003. |
||
| 300 |
_a38 p. : _bil. col. |
||
| 440 | 0 |
_aAla delta. _pRoja ; _v11 |
|
| 650 | 0 |
_aCuentos infantiles franceses _98588 |
|
| 905 | _aInfantil | ||
| 999 |
_c150089 _d150089 |
||